Aplikácia matematických modelov a metód v ekonomike

Guardado en:
Detalles Bibliográficos
Formato: Libro
Lenguaje:eslovaco
Publicado: Bratislava VŠE 1980
Etiquetas: Agregar Etiqueta
Sin Etiquetas, Sea el primero en etiquetar este registro!

MARC

LEADER 00000nam a2200000 4500
001 c142155
005 20221220101324.4
041 0 |a slo 
044 |a SK 
245 1 0 |a Aplikácia matematických modelov a metód v ekonomike 
264 1 |a Bratislava  |b VŠE  |c 1980 
300 |a 398 s.